| 000 | 02143nam a2200301 4500 | ||
|---|---|---|---|
| 001 | 184 | ||
| 003 | OSt | ||
| 005 | 20250328094816.0 | ||
| 008 | 250131b |||||||e |||| 00| 0 eng d | ||
| 040 | _bpor | ||
| 041 |
_hger _apor |
||
| 082 |
_a398.23 _bD186e |
||
| 100 |
_aDäniken, Erich Von _d1935- _9342 |
||
| 240 | _aErinnerungen an die zukunft | ||
| 245 |
_aEram os deuses astronautas? / _cDäniken, Erich Von ; Tradução de E. G. Kalmus |
||
| 260 |
_aSão Paulo _bMelhoramentos _c1994 |
||
| 300 | _a181 p. | ||
| 520 | _aChariots of the Gods, de Erich von Daniken, é uma obra de importância monumental — o primeiro livro a introduzir a chocante teoria de que a Terra antiga havia sido visitada por alienígenas. Este best-seller mundialmente famoso resistiu ao teste do tempo, inspirando inúmeros livros e filmes, incluindo a popular sequência do próprio autor, The Eyes of the Sphinx . Mas foi aqui que tudo começou — as teorias surpreendentes de von Daniken sobre nossos primeiros encontros com mundos alienígenas, baseadas em seus estudos ao longo da vida sobre ruínas antigas, cidades perdidas, potenciais portos espaciais e uma miríade de fatos científicos concretos que apontam para a intervenção extraterrestre na história humana. O mais incrível de tudo, no entanto, é a teoria de von Daniken de que nós mesmos somos descendentes desses pioneiros galácticos — e as descobertas arqueológicas que provam isso... * Um astronauta alienígena preservado em uma pirâmide * Cartas de navegação de voos espaciais de mil anos * Astronomia computacional de ruínas incas e egípcias * Um mapa da terra abaixo da calota de gelo da Antártida * Um espaçoporto gigante descoberto nos Andes Inclui fotos notáveis que documentam o primeiro contato da humanidade com alienígenas no início da civilização. | ||
| 650 | 0 |
_aLiteratura Suiça _9343 |
|
| 650 | 0 |
_aMitologia _9128 |
|
| 650 | 0 |
_aReligião _9100 |
|
| 650 | 0 |
_aFilosofia _94 |
|
| 650 | 0 |
_aFicção Científica _963 |
|
| 655 | 0 |
_aRomance _923 |
|
| 655 | 0 |
_aNão Ficção _9102 |
|
| 700 |
_aE. G. Kalmus _eTradutor _9344 |
||
| 942 |
_2ddc _n0 _cBK |
||
| 999 |
_c184 _d184 |
||